| 000 | 01440nam0a2200361 4500 | ||
|---|---|---|---|
| 001 | RU\NLR\bibl\1869884 | ||
| 005 | 20250616185950.0 | ||
| 010 |
_a978-5-478-01341-7 _91000 |
||
| 021 |
_aRU _b2012-4694 _9340 |
||
| 035 | _a(NLR Aleph) 001859735 | ||
| 090 |
_a2514888 _c2514888 |
||
| 100 | _a20120215d2011 |||y0rusy50 ca | ||
| 101 | 0 | _arus | |
| 102 | _aRU | ||
| 105 | _aa ||||||||| | ||
| 200 | 1 |
_aВнутриполитическое и социально-экономическое развитие Кыргызстана _fЕ.А. Бородин _gДипломат. акад. МИД России |
|
| 210 |
_aМосква _cВосток-Запад _d2011 |
||
| 215 |
_a271 с. _cил., карт. _d22 |
||
| 225 | 1 | _aМонография | |
| 320 | _aБиблиогр.: с. 257-271 (192 назв.) | ||
| 607 |
_aКыргызская Республика _xПолитика и управление _92264285 _3RU\NLR\auth\661357434 |
||
| 607 |
_aКыргызская Республика _xНародное хозяйство _xМодернизация _92624378 _3RU\NLR\auth\661560938 |
||
| 686 | _aТ3(5Кир)74,02 | ||
| 686 | _aФ3(5Кир)3 | ||
| 686 | _aУ03(5Кир)74 | ||
| 686 | _aУ9(2)-551(5Кир) | ||
| 700 | 1 |
_aБородин _bЕ. А. _gЕвгений Анатольевич _4070 |
|
| 801 | 0 |
_aRU _bNLR _c20120215 _gRCR |
|
| 801 | 1 |
_aRU _bNLR _c20120215 |
|
| 942 | _cBOOK | ||
| 980 | _aNB | ||
| 980 | _aNBR | ||